Statistics for Wake me up before you go-go - Lyrics

Click here to take the quiz!

General Stats

  • This quiz has been taken 10 times
    (9 since last reset)
  • The average score is 188 of 336

Answer Stats

Answer% Correct
I
100%
a
86%
be
86%
before
86%
go
86%
me
86%
on
86%
on,
86%
take
86%
Take
86%
the
86%
up
86%
up,
86%
Wake
86%
when
86%
you
86%
You
86%
do
71%
go-go
71%
in
71%
my
71%
My
71%
that
71%
Don't
57%
don't
57%
heart
57%
high
57%
It
57%
it
57%
It's
57%
it's
57%
like
57%
not
57%
of
57%
so
57%
tonight
57%
wanna
57%
what
57%
bed
43%
boom
43%
can
43%
dancing,
43%
dancing
43%
did
43%
going
43%
hanging
43%
hit
43%
home
43%
I'm
43%
into
43%
leave
43%
out
43%
planning
43%
solo
43%
was
43%
will
43%
your
43%
yo-yo
43%
act
29%
ain't
29%
alright
29%
Baby
29%
baby
29%
baby,
29%
beats
29%
been
29%
but
29%
But
29%
'Cause
29%
cold
29%
Come
29%
cruel
29%
Day
29%
Doris
29%
Goes
29%
instead
29%
Jitterbug
29%
last
29%
let's
29%
make
29%
makes
29%
minute
29%
never
29%
night
29%
per
29%
right
29%
same
29%
should've
29%
stay
29%
than
29%
there
29%
They
29%
We'll
29%
we'll
29%
with
29%
Yeah
29%
you're
29%
bang-bang-bang
14%
best
14%
brain
14%
bright
14%
brighter
14%
crazy
14%
Cuddle
14%
dance,
14%
dreaming
14%
everything
14%
feet
14%
fight
14%
fool
14%
friend
14%
lady,
14%
Left
14%
lovin'
14%
miss
14%
Move
14%
put
14%
send
14%
shine
14%
sky
14%
sleeping
14%
Something
14%
something's
14%
soul
14%
starts
14%
sun
14%
tight
14%
'til
14%
told
14%
tomorrow
14%
turned
14%
warmer
14%
way
14%
bugging
0%
flame
0%
grey
0%
skies
0%
spark
0%

Score Distribution

Percentile by Number Answered

Percent of People with Each Score

Your Score History

You have not taken this quiz since the last reset